Convention and event management / (Record no. 436)
[ view plain ]
| 000 -LEADER | |
|---|---|
| fixed length control field | 00595nam a22001937a 4500 |
| 005 - DATE AND TIME OF LATEST TRANSACTION | |
| control field | 20230530033300.0 |
| 008 - FIXED-LENGTH DATA ELEMENTS--GENERAL INFORMATION | |
| fixed length control field | 221223b |||||||| |||| 00| 0 eng d |
| 020 ## - INTERNATIONAL STANDARD BOOK NUMBER | |
| International Standard Book Number | 971-08-6691-5 |
| 082 ## - DEWEY DECIMAL CLASSIFICATION NUMBER | |
| Classification number | 394.2068 C957 2006 |
| 100 ## - MAIN ENTRY--PERSONAL NAME | |
| Personal name | Cruz, Zenaida L. |
| Relator term | author |
| 245 ## - TITLE STATEMENT | |
| Title | Convention and event management / |
| Statement of responsibility, etc. | Zenaida L. Cruz |
| 250 ## - EDITION STATEMENT | |
| Edition statement | 2nd ed. |
| 260 ## - PUBLICATION, DISTRIBUTION, ETC. | |
| Place of publication, distribution, etc. | Mandaluyong City: |
| Name of publisher, distributor, etc. | National Book Store, |
| Date of publication, distribution, etc. | c2006. |
| 300 ## - PHYSICAL DESCRIPTION | |
| Extent | xiv, 192p. |
| 504 ## - BIBLIOGRAPHY, ETC. NOTE | |
| Bibliography, etc. note | Includes bibliographical references |
| 541 ## - IMMEDIATE SOURCE OF ACQUISITION NOTE | |
| Accession number | 2019 c.1, 2020 c.2, 2037 c.3 |
| 650 ## - SUBJECT ADDED ENTRY--TOPICAL TERM | |
| Topical term or geographic name entry element | Special events - Management |
| 650 ## - SUBJECT ADDED ENTRY--TOPICAL TERM | |
| Topical term or geographic name entry element | Convention |
| Withdrawn status | Lost status | Source of classification or shelving scheme | Damaged status | Not for loan | Home library | Current library | Date acquired | Total Checkouts | Full call number | Barcode | Date last seen | Copy number | Price effective from | Koha item type |
|---|---|---|---|---|---|---|---|---|---|---|---|---|---|---|
| Dewey Decimal Classification | ctu-moalboal | ctu-moalboal | 01/17/2012 | 394.2068 C957 2006 | 2019 | 12/23/2022 | 1 | 12/23/2022 | Books-Reference | |||||
| Dewey Decimal Classification | ctu-moalboal | ctu-moalboal | 01/17/2012 | 394.2068 C957 2006 | 2020 | 12/23/2022 | 2 | 12/23/2022 | Books-Reference | |||||
| Dewey Decimal Classification | ctu-moalboal | ctu-moalboal | 01/17/2012 | 394.2068 C957 2006 | 2037 | 12/23/2022 | 3 | 12/23/2022 | Books-Reference |